| 000 | 00768nac a22002171u 4500 | ||
|---|---|---|---|
| 082 |
_a616.89 _bO412 |
||
| 090 |
_c3634 _d3634 |
||
| 100 | _aOkasha, Ahmed | ||
| 245 |
_aEssentials of psychiatry / _cAhmed Okasha |
||
| 260 |
_aCairo: _bThe Arab Writer Printing & Publishing House,1967 _c1967 |
||
| 300 |
_a450p.; _b23 cm. |
||
| 500 | _aDonations | ||
| 500 | _aDonations-Bibliotheca Alexandrina | ||
| 504 | _aIncludes bibliography:p.433-442 and index | ||
| 650 | _aPsychiatry. | ||
| 650 |
_a Psychiatry _x methods. |
||
| 650 | _aMental Disorders | ||
| 650 |
_aPsychotherapy _x methods. |
||
| 942 |
_cBB _k616.89 O412 |
||
| 999 |
_c3634 _d3634 |
||